00309 a2200133 450000100060000002000180000604000240002410000200004824000330006824500280010130000060012936200090013565000310014412569 a9788516050900 cAnchieta - Aquarius aBandeira, Pedro10aO pequeno bicho-papãolpor10aO pequeno bicho-papão a 0 a2009 4aLiteratura infanto-juvenil